The integrated circuit: A case study of product innovation in the electronics industry

Сохранить в:
Библиографические подробности
Главный автор: Herbert S. Kleiman
Формат:
Язык:Undetermined
Опубликовано: University Microfilms International 1966
Предметы:
Метки: Добавить метку
Нет меток, Требуется 1-ая метка записи!
Thư viện lưu trữ: Trung tâm Học liệu Trường Đại học Cần Thơ
LEADER 00547nam a2200169Ia 4500
001 CTU_87167
008 210402s9999 xx 000 0 und d
082 |a 338.4 
082 |b K63 
100 |a Herbert S. Kleiman 
245 4 |a The integrated circuit: 
245 2 |b A case study of product innovation in the electronics industry 
245 0 |c Herbert S. Kleiman 
260 |b University Microfilms International 
260 |c 1966 
650 |a electronic industries,industry innovations 
980 |a Trung tâm Học liệu Trường Đại học Cần Thơ